00325nam a2200121 a 4500008004100000020001500041050001500056100002000071245004300091260004000134300002000174350000900194120416s0000 ||||||||||||||||| || u a0582994683 aTJ 213 Tho aThompson, Steve10aControl systems engineering and design aNew YorkbJohn Wiley and Sonsc1989 ax, 364p. : ill. a0.00